Score 0/9 Timer 03:00
0 Plays Today
Object Person % Correct
Currency ($100 bill)Benjamin Franklin
93.5%
Currency ($10 bill)Alexander Hamilton
84.9%
Currency ($1 coin)Sacagawea
63.4%
Currency ($1 coin)Susan B. Anthony
57%
US Carrier (CVN 68)Chester Nimitz
40.9%
US Carrier (CVN 74)John C. Stennis
14%
US Carrier (CVN 70)Carl Vinson
10.8%
National Mall MemorialGeorge Mason Memorial
3.2%
National Mall MemorialJohn Ericsson Memorial
3.2%
Remove Ads.
Support Sporcle.
Get the best of Sporcle when you Go Orange. This ad-free experience offers more features, more stats, and more fun while also helping to support Sporcle. Thank you for becoming a member.

You're not logged in!

Compare scores with friends on all Sporcle quizzes.
OR
Log In

Show Comments

Extras

Top Quizzes Today


Score Distribution

Your Account Isn't Verified!

In order to create a playlist on Sporcle, you need to verify the email address you used during registration. Go to your Sporcle Settings to finish the process.

Report this User

Report this user for behavior that violates our Community Guidelines.

Details: